000 00436nam a2200181Ia 4500
005 20250423101055.0
008 250422s9999 xx 000 0 und d
020 _a978-0-19-954096-9
050 _aGF75.F69
100 _aCharles W. Fowler
245 0 _aSystematic Management
260 _aNew York
260 _bOxford University Press Inc
260 _c2009
300 _a285 p
650 _aEcosystem Management
942 _cBK
999 _c35205
_d35205